| 000 | 00696nam a2200217 i 4500 | ||
|---|---|---|---|
| 001 | 60528 | ||
| 003 | ES-MaACL | ||
| 005 | 20251113132026.0 | ||
| 007 | t| | ||
| 008 | 031105s1966 sp ||||1| eng d | ||
| 100 | 1 |
_aEspinàs, Josep M., _d1927- _947850 |
|
| 245 | 1 | 0 |
_aThis too is Barcelona / _cJ.M. Espinàs ; illustrations Cesc ; photographs, O. Maspons and J. Ubiña. |
| 260 |
_a[Barcelona : _bLumen, _c1966] |
||
| 300 |
_a143 p. ; _c24 cm. |
||
| 651 | 4 |
_aBarcelona- _vGuías turísticas. _97861 |
|
| 700 | 1 |
_aCesc. _937681 |
|
| 700 | 1 |
_aMaspons, Oriol, _d1928-2013 _978772 |
|
| 700 | 1 |
_aUbiña, Julio. _9111846 |
|
| 852 |
_aES-MaACL _jC-31826 _bR.62525 |
||
| 999 |
_c60528 _d60528 |
||